| 000 | | | 04058nmc2a2200000 x 450 |
| 001 | | | 65c5bc86-7213-4dcd-b164-8d6e08feb08a |
| 005 | | | 20151215173926.0 |
| 100 | ## | $a | 20150828l18241824k l0rusy0189 ca |
| 101 | 0# | $a | rus |
| 102 | ## | $a | RU |
| 200 | 1# | $a | Дело о даче отставки нижним воинским чинам |
| | $j | 6 ноября - 20 декабря 1824 г. |
| 251 | ## | $c | Дело |
| 300 | ## | $a | Дело |
| 300 | ## | $a | Ориг. заголовок дела: Дело о даче отставки нижним воинским чинам, выслужившим сроки, и об открытии и истребовании имеющих знаки ордена Святой Анны от номера 1 до 10000. 6 ноября 1824 г. - 20 декабря 1824 г |
| 801 | #0 | $a | RU |
| | $b | РГИА |
| | $c | 20150828 |
| | $g | RCR |
| 801 | #1 | $a | RU |
| | $b | ГлавНИВЦ |
| | $c | 20150828 |
| | $2 | rusmarc |
| 801 | #2 | $a | RU |
| | $b | ПБ им. Б.Н. Ельцина |
| | $c | 20151215 |
| | $g | RCR |
| | $2 | rusmarc |
| 850 | ## | $a | РГИА |
| 852 | ## | $a | РГИА |
| | $e | Федеральное казенное учреждение "Российский государственный исторический архив" (РГИА) |
| | $j | 31 |
| 937 | ## | $h | РГИА |
| | $d | 12091545 |
| | $a | ASBIBLIO_SCAN |
| 462 | #0 | $1 | 001a9fc4311-d96c-4d89-aedd-b49335c2f336 |
| | $1 | 2001 |
| | $a | Дела Хозяйственного отделения Департамента народного просвещения за 1824-1832 гг. |
| | $1 | 251 |
| | $c | Опись |
| | $1 | 852 |
| | $j | 103 |
| 461 | #0 | $1 | 001a74412a3-3cc5-4d21-8f0a-dfe2fbd9e72d |
| | $1 | 2001 |
| | $a | Департамент народного просвещения Министерства народного просвещения |
| | $1 | 251 |
| | $c | Фонд |
| | $1 | 852 |
| | $j | 733 |
| 215 | ## | $a | 10 л. |
| | $d | 36,5х26 см |
| 371 | ## | $a | Документ не является опубликованным и широко распространяемым |
| 105 | ## | $a | y### |
| 122 | 2# | $a | d |
| 517 | 1# | $a | Дело о даче отставки нижним воинским чинам, выслужившим сроки, и об открытии и истребовании имеющих знаки ордена Святой Анны от номера 1 до 10000. 6 ноября 1824 г. - 20 декабря 1824 г |
| 035 | ## | $a | 65c5bc86-7213-4dcd-b164-8d6e08feb08a |